000 00324cam a22001097a 4500
008 180718b1987 xxu||||| |||| 00| 0 eng d
082 _aA75 R137J
100 _aGupta, Savitri
245 _aRajasthan district gazetteers: Jaipur
_cby Savitri Gupta
260 _aJaipur
_bDirectorate, District Gazetteers
_c1987
300 _a970+p.
999 _c487172
_d487172